Statistiques concernant Mots qui finissent par "thérapie"

Cliquez ici pour prendre le quiz!

Statistiques générales

  • Ce quiz a été pris 32 fois
  • Le résultat moyen est 7 sur 20

Statistiques - réponses

Thérapie par...Réponse% Correct
...la psychologiePSYCHOTHERAPIE
80%
...le froidCRYOTHERAPIE
67%
...des substances chimiques
(contre le cancer)
CHIMIOTHERAPIE
63%
...le système de défense du
corps
IMMUNOTHERAPIE
57%
...les plantesPHYTOTHERAPIE
50%
...l'eau (de mer)THALASSOTHERAPIE
47%
...les bainsBALNEOTHERAPIE
43%
...le vinOENOTHERAPIE
43%
...le sommeilHYPNOTHERAPIE
37%
...les rayons (sur l'ADN)RADIOTHERAPIE
33%
...le soleilHELIOTHERAPIE
30%
...la création artistiqueART THERAPIE
27%
...le contact avec un chatRONRONTHERAPIE
27%
...la rééducation et la réalisation
de tâches manuelles
ERGOTHERAPIE
23%
...l'énergie des pierresLITHOTHERAPIE
23%
...la consommation de produits
fabriqués par les abeilles
APITHERAPIE
20%
...l(a) (ré)activation des
fonctions sensorielles du corps
KINESITHERAPIE
20%
...les dauphinsDELPHINOTHERAPIE
13%
...la réalité virtuelleCYBERTHERAPIE
3%
...le contact avec les arbresSYLVOTHERAPIE
3%

Distribution des résultats

Percentile par nombre de réponses

% des personnes avec chaque résultat

Votre développement - résultats

Vous n’avez pas pris ce quiz